000 01034nam a2200217 i 4500
001 156578
003 ES-MaACL
005 20251203063032.0
008 990524s1890 fr b |||| |cfre d
040 _aCCPB | B
_bspa
_cCCPB | B
100 1 _aKayserling, Meyer,
_d1829-1905
_9160606
245 1 0 _aBiblioteca española-portugueza-judaica
_b: dictionnaire bibliographique des auteurs juifs, de leurs ouvrages espagnols et portugais et des oeuvres sur et contre les juifs et le judaïsme : avec un aperçu sur la littérature des juifs espagnols et une collection des proverbes espagnols /
_cpar Kayserling.
260 _aStrasbourg :
_bCharles J. Trubner,
_c1890.
300 _aXXI, 155 p. ;
_c27 cm.
546 _aTexto en francés, español y hebreo.
650 4 _aEscritores judíos-
_zEspaña-
_vBiobibliografías.
_9160607
650 4 _aEscritores judíos-
_zPortugal-
_vBiobibliografías.
_9160608
852 _aES-MaACL
_jB-3875
_z- Enc. hol.
852 _aES-MaACL
_jF-7487
_z- Enc. hol.
999 _c156578
_d156578